• 首页
  • 本馆介绍
  • 公告通知
  • 最新文献
  • 馆藏检索
  • 电子资源
  • 读者导购
  • 参考咨询
  • 我的图书馆
  • 登录
  • 详细信息显示
  • 放入我的书架
  • 预约/预借图书
  • 作者相关作品
  • 分类相关作品
  • 丛书相关作品
  • 出版社相关作品

书目信息

  • 表格格式
  • 工作单格式
  • 卡片格式
题名:
心理师的眼睛
    
 
作者: 舒霖 著
分册:  
出版信息: 桂林   漓江出版社  2014
页数: 245页
开本: 20cm
丛书名:
单 册:
中图分类: B841 , R395.6
科图分类:
主题词: 心理咨询--xin li zi xun--案例
电子资源:
ISBN: 978-7-5407-7024-2
000 01099nam0 2200277 450
001 012001002612
005 20131029173105.0
010    @a978-7-5407-7024-2@dCNY28.00
099    @aCAL 012014066495
100    @a20140328d2014 em y0chiy50 ea
101 0  @achi
102    @aCN@b450000
105    @aa z 000yy
106    @ar
200 1  @a心理师的眼睛@Axin li shi de yan jing@d= Psychologist's eyes@f舒霖著@zeng
210    @a桂林@c漓江出版社@d2014
215    @a245页@c图@d20cm
330    @a本书是作者从事校园心理师工作以来,在心理咨询的工作中所积累起来的精彩案例以及心得体会。作者从一名校园心理咨询师的角度,描述并分析了以校园、亲子关系为主的多种心理咨询案例,诸如青春期的情绪问题、特殊儿童的教育方式、亲子之间的沟通技巧等人们在生活中经常遭遇的问题。文风平易、生动,不乏能为人指点迷津的洞见和妙语。
333    @a心理学爱好者、青少年教育人员及相关读者。
510 1  @aPsychologist's eyes@zeng
606 0  @a心理咨询@Axin li zi xun@x案例
690    @aB841@v5
690    @aR395.6@v4
701  0 @a舒霖@Ashu lin@4著
801  2 @aCN@b江苏凤凰@c20191020
905    @b1229729-32@dB841@e3301@f4
    
    心理师的眼睛= Psychologist's eyes/舒霖著.-桂林:漓江出版社,2014
    245页:图;20cm
    使用对象:心理学爱好者、青少年教育人员及相关读者。
    
    ISBN 978-7-5407-7024-2:CNY28.00
    本书是作者从事校园心理师工作以来,在心理咨询的工作中所积累起来的精彩案例以及心得体会。作者从一名校园心理咨询师的角度,描述并分析了以校园、亲子关系为主的多种心理咨询案例,诸如青春期的情绪问题、特殊儿童的教育方式、亲子之间的沟通技巧等人们在生活中经常遭遇的问题。文风平易、生动,不乏能为人指点迷津的洞见和妙语。
●
相关链接 在E读中查询图书 在五车中查询图书 在当当中查询图书 在豆瓣中查询图书


正题名:心理师的眼睛     索取号:B841/3301         预约/预借

序号 登录号 条形码 馆藏地/架位号 状态 备注
1 1229729   212297290   第一样本阅览室/ [索取号:B841/3301] 在馆    
2 1229730   212297307   教育系资料室/ [索取号:B841/3301] 在馆    
3 1229731   212297316   教育系资料室/ [索取号:B841/3301] 在馆    
4 1229732   212297325   第一借阅区/ [索取号:B841/3301] 在馆    
唐山师范学院图书馆 欢迎您!
大连网信软件有限公司© 版权所有